| 000 | 00462nam a2200145 i 4500 | ||
|---|---|---|---|
| 001 | 45934 | ||
| 003 | ES-MaACL | ||
| 005 | 20230906161313.0 | ||
| 007 | t| | ||
| 008 | 030327q1919 sp ||||1| spa d | ||
| 245 | 0 | 3 |
_aEl Comité de Tráfico Marítimo _b: (repercusiones de su actuación en la economía nacional). |
| 260 |
_a[S.l. : _bs.n., _c1919?] ( _eMadrid : _fImp. Clásica Española) |
||
| 300 |
_a109 p. : _b3 map. ; _c34 cm. |
||
| 852 |
_aES-MaACL _jC-12359 |
||
| 999 |
_c45934 _d45934 |
||